000 00783cam a2200265 a 4500
001 000007744
005 20200929154302.0
008 891021s1989 sp a 000 f spa d
020 _a8437607949
040 _aDO-SdBNP
_dBNPHU
082 _a863.6
_bC392colm, 1989
100 1 _aCela, Camilo José,
_d1916-2002.
_93188
245 1 3 _aLa colmena /
_cCamilo José Cela ; edición de Jorge Urrutia.
250 _a2a ed.
260 _aMadrid :
_bCátedra,
_c1989.
300 _a347 p. :
_bil. ;
_c19 cm.
490 1 _aLetras hispánicas
_v300
650 4 _aNovela española
_91123
650 4 _aLiteratura española
_9632
700 1 _aUrrutia, Jorge,
_eed.
_915594
830 0 _aLetras hispánicas ;
_v300
_94208
910 _aCatalogación derivada
910 _aWM
049 _aBNGR
999 _c7522
_d7522